Normal view
MARC view
Entry Personal Name
001 - CONTROL NUMBER
- control field: 42836
003 - CONTROL NUMBER IDENTIFIER
- control field: dpl
005 - DATE AND TIME OF LATEST TRANSACTION
- control field: 20120223103753.0
008 - FIXED-LENGTH DATA ELEMENTS
- fixed length control field: 120223|||a|||||| | ||| d
040 ## - CATALOGING SOURCE
- Original cataloging agency: dpl
- Transcribing agency: dpl
100 ## - HEADING--PERSONAL NAME
- Personal name: Mirza Mohammad Hadi Ruswa
670 ## - SOURCE DATA FOUND
- Source citation: Work cat.: (dpl)41059: Mirza Mohammad Hadi Ruswa, Umrao Jan Ada :, 2009
670 ## - SOURCE DATA FOUND
- Source citation: Work cat.: (dpl)41059: Mirza Mohammad Hadi Ruswa, Umrao Jan Ada :, 2009
